Development And Impact Of Chinese Investment In EU

Analýza úlohy a vplyv Číny vo svete a v Európskej únii. Nárast investičných aktivít čínskych spoločností počas krízy. Analýza prílevu čínskych investícií po kríze, výhody a riziká týchto investícií. Vnímanie ekonomického vývoja čínskych PZI. Politické otázky a zázemie týchto investícií. Vplyv Číny v...

Descripción completa

Guardado en:
Detalles Bibliográficos
Autor principal: Phuoc Hung, Nguyen
Formato: Capítulo de libro
Lenguaje:inglés
Materias:
Etiquetas: Agregar Etiqueta
Sin Etiquetas, Sea el primero en etiquetar este registro!

MARC

LEADER 00000naa a2200000 4500
001 0229951
005 20221019172803.6
041 0 |a eng 
044 |a SK 
245 1 0 |a Development And Impact Of Chinese Investment In EU  |c Nguyen Phuoc Hung 
520 |a Analýza úlohy a vplyv Číny vo svete a v Európskej únii. Nárast investičných aktivít čínskych spoločností počas krízy. Analýza prílevu čínskych investícií po kríze, výhody a riziká týchto investícií. Vnímanie ekonomického vývoja čínskych PZI. Politické otázky a zázemie týchto investícií. Vplyv Číny v eurozóne a odhad jej budúcnosi dopadu. 
610 2 0 |a Čína 
610 2 0 |a stratégia investičná 
610 2 0 |a Európska únia 
610 2 0 |a eurozóna 
610 2 0 |a investície priame zahraničné 
610 2 0 |a kríza hospodárska 
100 1 |a Phuoc Hung, Nguyen